00867 2200205 4500001002100000005001500021035002000036008004100056245002700097100001500124250000600139260003800145300001200183084001400195082000800209650001000217520041000227990001200637990001200649INLIS00000000000130920240521092309 a0010-0524000544240521 1 ind 1 aGenogram /cAnak S-E-N aAnak S-E-N a1 aYogyakarta :bSheila/ Andi,c2010 a268 hlm a813 ANA g a813 4aFiksi aSetelah diusir dari istana negara, aku menanggalkan PIN Penasehat Kepresidenanku dan masuk ke dalam kehidupan monoton, mengurus rumah dan keluarga. Akibatnya, hanya untuk bertahan agar aku tetap waras saja, aku kesulitan. Justru di tengah keterpurukanku, aku harus melakukan usaha ganda karena seorang ahli METAFISIKA yang punya kedudukan WAKIL KETUA PENASEHAT KEPRESIDENAN bersumpah akan menghancurkanku. a0741460 a0741461